| 000 | 00477nam a2200193Ia 4500 | ||
|---|---|---|---|
| 008 | 170918s9999 xx 000 0 und d | ||
| 020 | _a9781846650802 | ||
| 050 | _bD548g 2006 | ||
| 100 | _aDickens, Charles | ||
| 245 | _aGreat expectations / | ||
| 245 | _cby Charles Dickens. | ||
| 260 | _aLondon : | ||
| 260 | _bCharrles Baker Ltd., | ||
| 260 | _c2006 | ||
| 300 | _a98 pages : | ||
| 300 | _billustrations ; | ||
| 300 | _c22cm. | ||
| 300 | _eCharles baker classics. | ||
| 999 |
_c343335 _d343335 |
||